| 000 | 04296cam a22003737a 4500 | ||
|---|---|---|---|
| 001 | 15219942 | ||
| 003 | NUST-PNEC | ||
| 005 | 20170116180657.0 | ||
| 008 | 080314s2008 maua b 001 0 eng d | ||
| 010 | _a 2008270640 | ||
| 015 |
_aGBA823884 _2bnb |
||
| 016 | 7 |
_a014504089 _2Uk |
|
| 020 | _a9781580532556 | ||
| 020 | _a1580532551 | ||
| 035 | _a(OCoLC)ocn172980486 | ||
| 040 |
_aBTCTA _cPNEC _dBAKER _dSCT _dYDXCP _dUUM _dTXA _dCVM _dUKM _dDLC |
||
| 042 | _alccopycat | ||
| 050 | 0 | 0 |
_aTL798.N3 _bG76 2008 |
| 082 | 0 | 4 | _a629.045 GRO |
| 100 | 1 |
_aGroves, Paul D. _q(Paul David) |
|
| 245 | 1 | 0 |
_aPrinciples of GNSS, inertial, and multisensor integrated navigation systems / _cPaul D. Groves. |
| 260 |
_aBoston : _bArtech House, _cc2008. |
||
| 300 |
_axvi, 518 p. : _bill. ; _c26 cm. |
||
| 440 | 0 | _aGNSS technology and applications series | |
| 500 | _ahttp://www.amazon.com/Principles-Multi-Sensor-Integrated-Navigation-Applications/dp/1580532551/ref=sr_1_1?s=books&ie=UTF8&qid=1409719477&sr=1-1&keywords=1580532551 | ||
| 504 | _aIncludes bibliographical references and index. | ||
| 505 | 0 | _aWhat is Navigation? -- Inertial Navigation -- Radio and Satellite Navigation -- Feature Matching -- The Complete Navigation System -- Navigation Mathematics -- Coordinate Frames, Kenematics, and the Earth -- Coordinate Frames -- Kinematics -- Earth Surface and Gravity Models -- Frame Transformations -- The Kalman Filter -- Introduction -- Algorithms and Models -- Implementation Issues -- Extensions to the Kalman Filter -- Navigation Systems -- Inertial Sensors -- Acceleromoters -- Gyroscopes -- Inertial Measurement Units -- Error Characteristics -- Inertial Navigation -- Inertial-Frame Navigation Equations -- Earth-Frame Navigation Equations -- Local-Navigation-Frame Navigation Equations -- Navigations Equations Precision -- Initialization and Alignment -- INS Error Propagation -- Platform INS -- Horizontal-Plane Inertial Navigation -- Satellite Navigation Systems -- Fundamentals of Satellite Navigation -- Global Positioning System -- GLONASS -- Galileo -- Regional Navigation Systems -- GNSS Interoperability -- Satellite Navigation Processing, Errors, and Geometry -- Satellite Navigation Geometry -- Receiver Hardware and Antenna -- Ranging Processor -- Range Error Sources -- Navigation Processor -- Advanced Satellite Navigation -- Differential GNSS -- Carrier-Phase Positioning and Attitude -- Poor Signal-to-Noise Environments -- Multipath Mitigation -- Signal Monitoring -- Semi-Codeless Tracking -- Terrestrial Radio Navigation -- Point-Source Systems -- Loran -- Instrument Landing System -- Urban and Indoor Positioning -- Relative Navigation -- Tracking -- Sonar Transponders -- Dead Reckoning, Attitude, and Height Measurement -- Height and Depth Measurement -- Odometers -- Pedestrian Dead Reckoning -- Doppler Radar and Sonar -- Other Dead-Reckoning Techniques -- Feature Matching -- Terrain-Referenced Navigation -- Image Matching -- Map Matching -- Other Feature-Matching Techniques -- Integrated Navigation -- INS/GNSS Integration -- Integration Architectures -- System Model and State Selection -- Measurement Models -- Advanced INS/GNSS Integration -- INS Alignment and Zero Velocity Updates -- Transfer Alignment -- Quasi-Stationary Alignment with Unknown Heading -- Quasi-Stationary Fine Alignment and Zero Velocity Updates -- Multisensor Integrated Navigation -- Integration Architectures -- Terestrial Radio Navigation -- Dead Reckoning, Attitude, and Height Measurement -- Feature Mapping -- Fault Detection and Integrity Monitoring -- Failure Modes -- Range Checks -- Kalman Filter Measurement Innovations -- Direct Consistency Checks -- Certified Integrity Monitoring -- Vectors and Matrices -- Introduction to Vectors -- Introduction to Matrices -- Special Matrix Types -- Matrix Inversion -- Calculus -- Statistical Measures -- Mean, Variance, and Standard Deviation -- Probability Density Function -- Gaussian Distribution -- Chi-Square Distribution. | |
| 650 | 0 |
_aArtificial satellites in navigation. _xMIS |
|
| 650 | 0 | _aInertial navigation systems. | |
| 650 | 0 | _aGalileo satellite navigation system. | |
| 906 |
_a7 _bcbc _ccopycat _d2 _encip _f20 _gy-gencatlg |
||
| 942 |
_2ddc _cBK |
||
| 999 |
_c60422 _d60422 |
||